1536 1747 1348 1899 1244 1777 1343 1601 1668 1454 1814 1724 1639 1123 1920 1368 1936 1951 1429 1456 1440 1655 1807 1216 1882 1750 1214 1705 1877 1263 1443 1252 1745 1663 1052 1848 1352 1277 1759 1632 1162 1337 1857 1230 1870 1531 1123 1692 1987 1042 1473 1531 1393 1984 1301 1793 1999 1841 1171 1589 1564 1353 1903 1556 1399 1928 1489 1698 1267 1034 1297 1032 1957 1151 1944 1168 1860 1194 1566 1652 1348 1837 1039 1720 1216 1875 1581 1810 1779 1665 1701 1229 1354 1324 1172 1885 1556 1358 1256 BCNSPRNW ULIB Ver.6.0+V

เปลี่ยนเป็นภาษาไทย

Change to English
 แสดงรายละเอียดบรรณานุกรม
  กลับหน้าหลัก

Brief Record : Get Marc (ISO 2709) : E-mail record : QR code < ปิดหน้าต่าง
LEADER : 00000nam 2200000uu 4500
001    13399122104
003     ULIB
008    121226s2550||||th 000 0 tha d
020    ^a9747878042
060 04 ^aWI409^bศ322ป 2550
100 0  ^aศักดิ์ บวร
245 10 ^aปัญหาระบบขับถ่าย /^cศักดิ์ บวร, เรียบเรียง
250    ^aพิมพ์ครั้งที่ 2
260    ^aนนทบุรี :^bสมิต,^c2550
300    ^a80 หน้า :^bภาพประกอบ
440  0 ^aชุดอาหารและสุขภาพ
650  7 ^aระบบขับถ่าย
945    ^p70^l0^i14311
995    ^aทศพร
999    ^aทศพร เกษรทอง
รายการนี้ยังไม่มีแท็ก
คุณยังไม่ได้ล็อกอิน คุณสามารถมีกิจกรรมร่วมกับเว็บไซต์ได้ แต่ต้องล็อกอินก่อน ::
  ล็อกอิน

รายการสื่อสารสนเทศ

ลำดับที่ ประเภท เลขเรียก/บาร์โค้ด สถานที่ สถานะ
1. วิทยาศาสตร์การแพทย์ และสุขภาพ
วิทยาศาสตร์การแพทย์ และสุขภาพ
WI409 ศ322ป 2550 ฉ.1 
  Barcode: 14311
ห้องสมุดวิทยาเขตสวรรค์ประชารักษ์
►ส่วนจัดเก็บหนังสือเก่า สปร
บนชั้น
  ขอยืม

รายการใกล้เคียง
    ผู้แต่ง [ศักดิ์ บวร]

    หัวเรื่อง [ระบบขับถ่าย]

BibComment


ยังไม่เคยถูกคอมเมนท์

คอมเมนท์ทรัพยากรรายการนี้
  คอมเมนท์: ปัญหาระบบขับถ่าย..


 Copyright 2026. Bcnsprnw @Library